000 00280nam a2200121Ia 4500
008 191201s2013 xx 000 0 und d
100 _aKHANDARE, S.S
245 0 _aProgramming in c & c++
260 _bS.Chand
_c2013
300 _a2013
650 _aB.Tech(IT)
942 _2ddc
_cBK
_04
999 _c7055
_d7055